000 00614nam a2200217 a 4500
001 BRCA_6744
005 20190320205556.0
008 211011s1945----mx-#######---#000-0#spa-#
041 _aspa
044 _amx
050 4 _aPQ7297
_b.R386 S5
_c1945
245 1 0 _aSimpatías y diferencias
_cAlfonso Reyes; edición y prólogo de Antonio Castro Leal.
260 _aMéxico
_bPorrúa
_c1945
300 _a2 v.
_c19 cm.
440 0 _aEscritores mexicanos
_v22-23
_916841
500 _aI114
650 1 4 _aLiteratura mexicana
_910506
700 1 _aCastro Leal, Antonio
_eEditor
_916842
902 _aGFM
942 _2lcc
_cB
999 _c6427
_d6427